BIBLIOTHÈQUE DE LA MAISON DU MEXIQUE

Logo 1 Logo 2

Lo bailado... ¡Nadie me lo quita! (notice nᵒ 5240)

détails MARC
000 -Sello discográfico
campo de control de longitud fija 00904nam0a2200277 4500
005 - Identificación de versión
campo de control 20251016084432.0
010 ## - Número Estándar Internacional de Libros (ISBN)
Número (ISBN) 970-35-1443-X
035 ## - Otros números de control del sistema
Número de control del sistema 33007
099 ## - fechas locales
Tipo de ítem Koha LIBRO
100 ## - Datos de procesamiento general
Datos de procesamiento general 20111020d20082007m y0spay5003 ba
105 ## - Campo de datos codificados: Material textual, monográfico
Datos codificados de monografía a 001zy
200 1# - Título y mención de responsabilidad
Título propio Lo bailado... ¡Nadie me lo quita!
Designación general del material texto impreso
Otra información del título memorias de una bailarina
Primer mención de responsabilidad Solange Lebourges
205 ## - Declaración de edición
Declaración de edición 1a ed
210 ## - Publicación, distribución, etc.
Lugar de publicación, distribución, etc. México
Nombre del editor, distribuidor, etc. Consejo Nacional para la Cultura y las Artes
Fecha de publicación, distribución, etc. 2008
215 ## - Descripción física
Designación de material específico y extensión del ítem 125 p
Otras características físicas fot.
Dimensiones 21 cm
345 ## - Nota de información de adquisición
Fuente de adquisición/dirección de la suscripción [OBSOLETO] Donación 'Salon du Livre 2009'
410 #1 - Series
Título Colección El guardagujas
Nombre de parte o sección Memorias
606 ## - Término temático usado como materia
Elemento de entrada Bailarines de ballet
Subdivisión geográfica Francia
Subdivisión temática Biografía
Número Koha 10394
700 ## - Nombre personal - Responsabilidad primaria
Elemento de entrada Lebourges
Parte del nombre distinta del elemento de entrada Solange
Fechas 1951-
Número Koha 10395
801 #0 - Fuente de origen
País FR
Agencia cm
Reglas de catalogación (convenciones descriptivas) AFNOR
900 ## -
-- 1/20701
942 ## - ELEMENTOS DE ENTRADA SECUNDARIOS (KOHA)
Tipo de ítem Koha Livre
996 ## -
-- MEX
-- 751145101
-- MMAG
-- 000608
-- 792.92 L449BA
-- 20111020LIV
Exemplaires
Estatus retirado Estado de daño Estado de pérdida Fecha de adquisición Biblioteca de origen Biblioteca actual Ubicación en estantería Código de barras Precio de reemplazo Signatura topográfica completa No para préstamo Tipo de ítem Koha Nota pública Nota no pública
      05/08/2025 Casa México Paris Casa México Paris   000608 05/08/2025 792.92 L449BA   Livre 20111020LIV 751145101